000 004700000a22001810004500
003 MACL
005 20151216160713.0
008 151216b xxu||||| |||| 00| 0 eng d
040 _aMACL
_cMACL
041 _aEnglish
082 _a030/FRO
100 _aEncyclopaedia Britannica Ltd
_920451
245 _aEncyclopaedia Britannica
_bVol 22
260 _bEncyclopaedia Britannica Ltd
_c1955
350 _a62
650 _aEncyclopaedia
_920494
942 _cBK
_k030/FRO
_2ddc
999 _c40516
_d40516